000 02818nam a22003737a 4500
008 110914s2011 enk|||||r|||| 000 0 eng d
020 _a1848735871
020 _a9781848735873
082 _222
_a658.3
_bPRE
100 _927191
_aPreston, Diane
245 _aAn Introduction to Human Resource Management in Business. Book 2 /
_cWritten by Diane Preston
260 _aMilton Keynes, MK :
_bBusiness School, The Open University, 2011.
_c2011.
300 _a88 p. :
_bill. ;
_c30 cm.
490 _927189
_aAn Introduction to Business Studies ;
_nB120
_vBook 2
504 _aIncludes bibliographical references p.73-75
650 _911864
_aPersonnel management.
653 _bBus
_cSeptember2011
700 _927192
_aFryer, Mick
700 _927193
_aWatson, George
942 _2ddc
_cBB
999 _c16091
_d16091